000 00791nac a22002297a 4500
001 BR6000480
003 BR-BrBNA
005 20240105112948.0
008 230509b bl.|||m| |||| 00| 0 por d
040 _aBR-BrBNA
_bpor
_cBiblioteca Nacional de Agricultura
072 _aF00; L00
090 _aF00 BR6000480
110 1 _aDepartamento Nacional de Pesquisa Agropecuaria, Brasilia, DF (Brasil)
_93338
245 1 _aRelatorio anual 1972 [Departamento Nacional de Pesquisa Agropecuaria; Brasil]
260 3 _aBrasilia, DF (Brasil):
_c1972.
300 _a29 p.
490 _aRelatorio - Departamento Nacional de Pesquisa Agropecuaria (Brazil)
_v
_x
650 _aProducao vegetal
650 _aProducao animal
909 _a202312
_bLúcia Elande
_c55
_dLúcia Elande
942 _2AGRIS
_n0
_cMS
999 _c261154
_d261154